000 00845nam0a22002411 4500
001 rc\264655
005 20260406162112.0
010 _a5-213-00874-7
_975000
035 _a(NLR Aleph) 005469922
090 _a5036371
_c5036371
100 _a20030307d1992 |||y0rusy50 ca
101 0 _arus
102 _aRU
105 _aa |||||||||
200 1 _aПриключения Чиполлино
_eСказка
_e[Для дошк. возраста]
_fДжанни Родари
_gПер. с итал. З. Потаповой
_gРис. В. Чижикова
210 _aМ.
_cМалыш
_d1992
215 _a264, [7] с.
_cцв. ил.
_d22х20
700 1 _4070
_8rus
_7ca
_aРодари
_bД.
_f1920-1980
_gДжанни
_3RU\NLR\AUTH\779111
_9118978
801 0 _aRU
_bNLR
_gpsbo
801 1 _aRU
_bELAR
_2rusmarc
852 _aNLR
_j92-5/1635
942 _cBOOK
980 _aNB